1694 1402 1799 1902 1902 1077 1889 1842 1146 1852 1436 1792 1169 1561 1034 1423 1654 1585 1864 1378 1494 1062 1108 1589 1832 1920 1928 1821 1926 1387 1218 1688 1634 1324 1759 1262 1157 1636 1229 1521 1665 1328 1151 1690 1530 1037 1887 1621 1998 1018 1648 1008 1606 1071 1870 1897 1033 1128 1373 1262 1894 1652 1023 1301 1218 1777 1600 1672 1431 1041 1336 1837 1162 1554 1782 1440 1114 1456 1365 1159 1076 1449 1722 1882 1864 1454 1861 1569 1254 1560 1939 1711 1092 1191 1924 1039 1286 1676 1610 BCNSPRNW ULIB Ver.6.0+V

เปลี่ยนเป็นภาษาไทย

Change to English
 แสดงรายละเอียดบรรณานุกรม
  กลับหน้าหลัก

Brief Record : Get Marc (ISO 2709) : E-mail record : QR code < ปิดหน้าต่าง
LEADER : 00000nam 2200000uu 4500
001    13399113833
003     ULIB
008    120110s||||||||th 000 0 tha d
099    วจ.HF5549^bก733ค
100 0  กุสุมาลี โพธิปัสสา
245 00 ผลการพัฒนาอาจารย์ของวิทยาลัยสังกัดกระทรวงสาธารณสุขโดยการศึกษาระดับปริญญาโท-เอก ต่างประเทศ/^cกุสุมาลี โพธิปัสสา,จุรีรัตน์ โตบุญพา และ เบญจพร ทิพยผลาผลกุล
260    นนทบุรี :^bสถาบันพระบรมราชชนก,^c2554
300    73 หน้า :^bตาราง
500    รายงานการวิจัย
650  7 การพัฒนาบุคลากร^xวิจัย
650  7 การจัดการศึกษา^xวิจัย
700 02 จุรีรัตน์ โตบุญพา
700 02 เบญจพร ทิพยผลาผลกุล
710    สถาบันพระบรมราชชนก
945    ^p0^l0^i030905
945    ^p0^l0^i030906
995    ทศพร
999 ^a ทศพร
รายการนี้ยังไม่มีแท็ก
คุณยังไม่ได้ล็อกอิน คุณสามารถมีกิจกรรมร่วมกับเว็บไซต์ได้ แต่ต้องล็อกอินก่อน ::
  ล็อกอิน

รายการสื่อสารสนเทศ

ลำดับที่ ประเภท เลขเรียก/บาร์โค้ด สถานที่ สถานะ
1. งานวิจัย
งานวิจัย
วจ.HF5549 ก733ค ฉ.1 
  Barcode: 030905
ห้องสมุดวิทยาเขตสวรรค์ประชารักษ์
►วิจัย
บนชั้น
2. งานวิจัย
งานวิจัย
วจ.HF5549 ก733ค ฉ.2 
  Barcode: 030906
ห้องสมุดวิทยาเขตสวรรค์ประชารักษ์
►วิจัย
บนชั้น

BibComment


ยังไม่เคยถูกคอมเมนท์

คอมเมนท์ทรัพยากรรายการนี้
  คอมเมนท์: ผลการพัฒนาอาจารย์..


 Copyright 2026. Bcnsprnw @Library